| 000 | 00000nas 2200000za 4500 |
| 001 | 9.508540 |
| 003 | CaOODSP |
| 005 | 20210615082446 |
| 007 | ta |
| 008 | 150406c1990||||xxc|| p #||||f| |0eng|d |
| 022 | |a0045-4230 |
| 040 | |aCaOODSP|beng |
| 041 | |aeng |
| 041 | |afre |
| 043 | |an-cn--- |
| 086 | 1 |aJU1-1-1 |
| 110 | 1 |aCanada. |bSupreme Court. |
| 245 | 10|aCanada Supreme Court reports |
| 260 | |aOttawa - Ontario : |bSupreme Court of Canada |
| 310 | |aIrregular |
| 520 | 3 |aA series of cases, including background information, statutes and regulations, authors cited, analyses and decisions. Issued 12 to 18 times a year. (Standing Order) |
| 563 | |aSoftcover |
| 690 | 07|aCourt decisions|2gcpds |
| 776 | 0#|tCanada Supreme Court reports |w(CaOODSP)9.500746 |
| 792 | |tRecueil des arrêts de la Cour suprême du Canada |efre|w(CaOODSP)9.508541 |